000 01408nab a22002537a 4500
999 _c6436
_d6436
003 OSt
005 20260203102718.0
008 190429b xxu||||| |||| 00| 0 spa d
040 _cPJ
100 _aPino, Gabriela Belén
245 1 0 _aMaternar en contextos complejos :
_bel desafío de contemplar la vulnerabilidad en clave de género /
_cGabriela Belén Pino.
260 _cCiudad Autónoma de Buenos Aires :
_aThomson Reuters La Ley,
_b2023.
300 _ap. 69-75
500 _aCita Online: AR/DOC/2398/2023.
505 _aSumario: I. Una sentencia express.— II. El papel central de los estereotipos.— III. La contextualización como punto de partida.— IV. Una magistratura con lentes de realidad.— V. La mirada interseccional es posible y urgente.— VI. Conclusiones.
505 _aFallo comentado: TS Córdoba, sala penal ~ 19/05/2023 ~ B., M. A. S. y otro (S., M. R.) s/ p.ss.aa homicidio calificado —reenvío de la Corte Suprema de Justicia de la Nación—.
505 _tSi te interesa el texto completo, solicitalo a koha@justierradelfuego.gov.ar
650 0 _9343
_aDERECHO PENAL
650 0 _92913
_aHOMICIDIO
650 0 _92693
_aDOLO
650 0 _94044
_aPERSPECTIVA DE GÉNERO
773 0 _02658
_93164
_tRevista de derecho penal y criminología. Nº 11 - Diciembre 2023
_dCiudad Autónoma de Buenos Aires : Thomson Reuters La Ley, 2017-
_x00347914
942 _2udc
_cANA